| 000 | 00000nam##2200000za#4500 |
| 001 | 9.690383 |
| 003 | CaOODSP |
| 005 | 20210624232312 |
| 007 | cr ||||||||||| |
| 008 | 150407|2007||||xxc|||||o f|0| 0 eng|d |
| 040 | |aCaOODSP|beng |
| 043 | |an-cn--- |
| 086 | 1 |aRC31-45/2007E-PDF |
| 110 | 1 |aCanada.|bIndian Claims Commission. |
| 245 | 10|aSandy Bay Ojibway First Nation treaty land entitlement inquiry |h[electronic resource] |
| 260 | |aOttawa - Ontario : |bIndian Claims Commission |cJune 2007. |
| 300 | |a134p.|bcoloured maps, references, tables |
| 520 | 3 |aIn April 1998, the Sandy Bay Ojibway First Nation wrote to the Indian Claims Commission requesting an inquiry into its treaty land entitlement claim. In May 1998, the Commission provided notice to the parties that it would proceed with this inquiry. Over the course of the inquiry, the Commission held eight planning conferences, a site visit in June 2005, and proceeded to oral submissions in June 2005 and in June 2006. A review of the facts and issues, together with a legal analysis, findings, and recommendation to the parties, is set out in the attached report. |
| 590 | |a07-43|b2007-10-26 |
| 690 | 07|aIndigenous lands|2gcpds |
| 690 | 07|aLand claims|2gcpds |
| 775 | 08|tPremière nation Ojibway de Sandy Bay - enquête sur les droits fonciers issus de traité |w(CaOODSP)9.634748 |
| 776 | 0#|tSandy Bay Ojibway First Nation treaty land entitlement inquiry |w(CaOODSP)9.650951 |
| 856 | 40|ahttp://publications.gc.ca|qPDF|s869 KB|uhttps://publications.gc.ca/collections/collection_2007/icc-cri/RC31-45-2007E.pdf |